03131nam a2200301 i 4500003000900000005001700009006001900026007000300045008004100048020001800089040003000107082001400137100004200151245012200193264003900315300006200354336002700416337003300443338002800476500007500504500005600579500003500635505193800670590002702608942001402635952016302649999001702812DO-SdBNP20260305074000.0a||||gr|||| 00| 0 ta230926e2014 dr abc|| |||| 00| e spa d a9789945008180 aDO-SdBNPbspacBNPHUerda 4222bG377m1 aGerón, Candido,d1948-eautor9357710aLas milicias en Santo Domingo (19779 - 2013):bespionaje e inteligencia militar a partir de 1822 /cCándido Gerón 1aSanto Domingo :bCentenario,c2014 a974 páginas :bIlustraciones, mapas, retratos ;c23 cm. 2rdacontentatextobtxt 2rdamediaasin mediaciónbn 2rdacarrieravolumenbnc aIncluye datos biográficos del autor en las solapas de las cubiertas. aIncluye bibliografía y notas al pie de páginas. aIncluye índice onomástico. aPrólogo.-- Introducción.tCapítulo I.tMarco histórico de los primeros Estados .-- Las primeras guerras.-- El choque de civilizaciones.-- la influencia de las religiones.gCapítulo II.tMilicias españolas y francesas en la Era Colonial.--gCapítulo III.tLas Batallas más importantes realizadas desde el inicio de la Independencia Nacional, y llevadas a cabo por la Guardia Republicana y/o Ejército Nacional.--gCapítulo IV (a).tTratado de Basilea (1795).-- Invasión de Boyer.-- El papel del General Juan Sánchez Ramírez.-- Independencia Nacional.-- La guerra de restauración y la segunda república.-- Los efectos de la intervención norteamericana.-- Desmantelamiento y formación de la Guardia y la Policía Nacional.-- gCapítulo V.tLa Guerra de Restauración (1861 - 1986).-- Nombramientos de Ministerios de Guerra y otros oficiales durante los gobiernos provisionales y por los jefes de expedición en la Guerra de la Restauración, desde el 24 de octubre de 1863 hasta el 1 de agosto de 1865.-- Trascendencia de Máximo Gómez y Báez y otros próceres y generales.-- Guerras civiles que diezmaron la población de la República Dominicana desde la fundación de la República hasta la Intervención Norteamericana.-- La inteligencia militar a partir del siglo XVIII.-- tLa Intervención Norteamericana (1916-1924).-- La Guardia republicana.-- Creación de la Guerra y la Policía Nacional durante la ocupación norteamericana.-- La inteligencia militar en la dictadura de Trujillo.-- La inteligencia militar en la dictadura de Trujillo y períodos subsiguientes.-- Historia de la Policía Nacional 1844-2012.-- Breve Historia de la Marina de Guerra y/o Marina Nacional.-- Creación del Ejército Nacional.-- Fundación de Aviación Militar Dominicana.-- Estructura del espionaje telefónico en la República Dominicana en la era digital.--tÍndice onomástico. aInventariado 2023 / MF 2ddccLBS1 00102ddc51708PDaBNPHUbBNPHUcCTd2022-05-19eDonado por Ubi Rivasl0oG377mp2023-6435r2023-09-26w2023-09-26yLBS1zEjemplar autografiado por el autor c54952d54952